[Event "Pacific Southwest op 54th"]
[Site "Los Angeles"]
[Date "2014.07.04"]
[Round "2"]
[White "Iyer, Venkat"]
[Black "Yankovsky, Roman"]
[Result "0-1"]
[WhiteElo "1978"]
[BlackElo "2440"]
[PlyCount "116"]
[EventDate "2014.07.04"]
[EventType "swiss"]
[EventRounds "6"]
[EventCountry "USA"]
[SourceTitle "CBM 161 Extra"]
[Source "ChessBase"]
[SourceDate "2014.08.29"]
[SourceVersion "1"]
[SourceVersionDate "2014.08.29"]
[SourceQuality "1"]

1. b3 d5 2. Bb2 Bg4 3. Nf3 Bxf3 4. exf3 Nd7 5. g3 Ngf6 6. Bg2 g6 7. c4 c6 8. f4 e6 9. Qe2 Be7 10. 0-0 0-0 11. d3 Ne8 12. Nd2 Bf6 13. Nf3 Bxb2 14. Qxb2 a5 15. Rfd1 Nd6 16. Rac1 Nf5 17. Bh3 Qf6 18. Qxf6 Nxf6 19. Bxf5 gxf5 20. Ne5 Rfd8 21. c5 Ne8 22. a4 Nc7 23. d4 Kf8 24. Kf1 Ke7 25. Rb1 Na6 26. Nd3 Rdb8 27. Rdc1 b5 28. cxb6 Rxb6 29. Rc3 Kd6 30. Rbc1 Rc8 31. Ke2 Nb4 32. Nxb4 Rxb4 33. Rd3 f6 34. Kd2 Rc7 35. h3 Rcb7 36. Rcc3 Re7 37. g4 fxg4 38. hxg4 Rg7 39. f3 h5 40. gxh5 Rh7 41. Rc5 Rxd4 42. Rxc6+ Kxc6 43. Rxd4 Kc5 44. Ke3 Rxh5 45. Rd3 Kb4 46. Kf2 Ka3 47. Kg3 Kb2 48. Re3 d4 49. Rxe6 d3 50. Rxf6 Rd5 51. Rh6 d2 52. Rh1 d1Q 53. Rxd1 Rxd1 54. f5 Kxb3 55. Kf4 Kxa4 56. f6 Kb5 57. Ke5 a4 58. f7 Rd8 0-1

[Event "Western Pacific op"]
[Site "Los Angeles"]
[Date "2014.04.26"]
[Round "3"]
[White "Brown, Michael William"]
[Black "Iyer, Venkat"]
[Result "1-0"]
[WhiteElo "2277"]
[BlackElo "1978"]
[PlyCount "83"]
[EventDate "2014.04.25"]
[EventType "swiss"]
[EventRounds "5"]
[EventCountry "USA"]
[SourceTitle "CBM 160 Extra"]
[Source "ChessBase"]
[SourceDate "2014.07.01"]
[SourceVersion "1"]
[SourceVersionDate "2014.07.01"]
[SourceQuality "1"]

1. d4 b6 2. c4 e6 3. a3 Bb7 4. Nc3 d6 5. d5 g6 6. e4 Bg7 7. Qc2 Ne7 8. g3 Nd7 9. Bg2 0-0 10. Nge2 Ne5 11. b3 exd5 12. exd5 Bc8 13. Bb2 Bf5 14. Ne4 Nd3+ 15. Qxd3 Bxb2 16. Ra2 Bg7 17. 0-0 Qd7 18. Nd4 Bh3 19. Re2 Bxg2 20. Kxg2 Nf5 21. Nc6 Ne7 22. Nc5 dxc5 23. Rxe7 Qd6 24. Rfe1 Bf6 25. R7e4 a5 26. a4 Qd7 27. Qf3 Kg7 28. Qe3 Qd6 29. g4 h6 30. f4 Rh8 31. h3 Raf8 32. g5 hxg5 33. fxg5 Bd8 34. Nxd8 Qxd8 35. Qc3+ Kg8 36. Re7 Rh5 37. Qf6 Qc8 38. R1e3 Rh7 39. Qe5 Rh5 40. Rg3 c6 41. d6 Rd8 42. d7 1-0

[Event "Western Pacific op"]
[Site "Los Angeles"]
[Date "2014.04.25"]
[Round "1"]
[White "Shevelev, Danny"]
[Black "Iyer, Venkat"]
[Result "0-1"]
[WhiteElo "2315"]
[BlackElo "1978"]
[PlyCount "66"]
[EventDate "2014.04.25"]
[EventType "swiss"]
[EventRounds "5"]
[EventCountry "USA"]
[SourceTitle "CBM 160 Extra"]
[Source "ChessBase"]
[SourceDate "2014.07.01"]
[SourceVersion "1"]
[SourceVersionDate "2014.07.01"]
[SourceQuality "1"]

1. c4 b6 2. Nc3 e6 3. Nf3 Bb7 4. g3 f5 5. Bg2 Nf6 6. 0-0 Be7 7. d3 0-0 8. e3 d6 9. a4 Qd7 10. a5 e5 11. Nxe5 Qc8 12. Nf3 bxa5 13. Rxa5 Nc6 14. Ra1 Nb4 15. Na2 Nc6 16. Bd2 Ne5 17. Bc3 Nfg4 18. h3 Nxf3+ 19. Bxf3 Ne5 20. Bxb7 Qxb7 21. Bxe5 dxe5 22. Qe2 Rae8 23. Nc3 f4 24. e4 Bc5 25. Kh2 Rb8 26. Rab1 c6 27. Qg4 Bd4 28. Kg2 Rf6 29. Kh2 Qf7 30. Qe2 fxg3+ 31. fxg3 Bxc3 32. Rxf6 Qxf6 33. Rf1 Rxb2 0-1

[Event "Memorial Day Classic"]
[Site "Ontario"]
[Date "2013.05.26"]
[Round "3"]
[White "Iyer, Venkat"]
[Black "Peters, Jack"]
[Result "1/2-1/2"]
[WhiteElo "1955"]
[BlackElo "2351"]
[PlyCount "94"]
[EventDate "2013.05.25"]
[EventType "swiss"]
[EventRounds "6"]
[EventCountry "USA"]
[SourceTitle "EXT 2014"]
[Source "ChessBase"]
[SourceDate "2013.11.20"]
[SourceVersion "1"]
[SourceVersionDate "2013.11.20"]
[SourceQuality "1"]

1. e4 c5 2. Nf3 Nc6 3. Bb5 d6 4. Bxc6+ bxc6 5. 0-0 g6 6. d4 Ba6 7. Re1 cxd4 8. Qxd4 f6 9. Na3 Bg7 10. Qa4 Bb7 11. Nc4 Qd7 12. Na5 Rb8 13. Nxb7 Rxb7 14. c4 c5 15. Qc2 Nh6 16. Bxh6 Bxh6 17. Rad1 Qc6 18. Rd3 0-0 19. Nd2 Rfb8 20. b3 a5 21. Rb1 a4 22. f3 Qa6 23. Nf1 Rb4 24. Ne3 axb3 25. axb3 Bxe3+ 26. Rxe3 Qb7 27. Qd3 Kf8 28. Qc2 Qa8 29. Rc3 R8b6 30. Qd2 Ra6 31. Kf2 Ra3 32. Rb2 Qa5 33. Qh6+ Kg8 34. Qd2 Rbxb3 35. Qd5+ Kf8 36. Rcxb3 Rxb3 37. Rxb3 Qa2+ 38. Kg3 Qxb3 39. Qa8+ Kg7 40. Qe8 Qb7 41. Qd8 f5 42. exf5 gxf5 43. h4 h6 44. h5 Kf7 45. Qh8 Qb1 46. Qxh6 Qe1+ 47. Kh3 Qh1+ 1/2-1/2

[Event "US Open-112"]
[Site "Orlando"]
[Date "2011.08.03"]
[Round "2"]
[White "Iyer, Venkat"]
[Black "Mulyar, Michael A"]
[Result "0-1"]
[WhiteElo "1947"]
[BlackElo "2410"]
[PlyCount "124"]
[EventDate "2011.07.30"]
[EventType "swiss"]
[EventRounds "9"]
[EventCountry "USA"]
[SourceTitle "CBM 143 Extra"]
[Source "ChessBase"]
[SourceDate "2011.08.29"]
[SourceVersion "1"]
[SourceVersionDate "2011.08.29"]
[SourceQuality "1"]

1. c4 e5 2. Nc3 Nc6 3. g3 g6 4. Bg2 Bg7 5. Nf3 d6 6. d3 Nf6 7. Bd2 0-0 8. 0-0 h6 9. Rb1 a5 10. a3 Be6 11. b4 axb4 12. axb4 Qd7 13. c5 Bh3 14. cxd6 cxd6 15. b5 Bxg2 16. Kxg2 Nd4 17. Nxd4 exd4 18. Na4 Qe6 19. e3 dxe3 20. Bxe3 Ng4 21. Re1 Nxe3+ 22. Rxe3 Qa2 23. Nb6 Rae8 24. Qb3 Qxb3 25. Rxb3 Bd4 26. Rxe8 Rxe8 27. Nc4 d5 28. Na5 Re7 29. Rb1 Bb6 30. Nb3 Re2 31. d4 Rc2 32. Kf1 Rc4 33. Rd1 Kf8 34. Ke2 Rb4 35. Nc5 Rxb5 36. Nxb7 Ke7 37. Rc1 Rb2+ 38. Ke1 Bxd4 39. Rc7+ Kf8 40. Nd6 Rxf2 41. Nb5 Be3 42. Nd6 d4 43. Rc8+ Ke7 44. Ne4 Rxh2 45. Rc7+ Ke6 46. Nc5+ Kd6 47. Rc8 Bf2+ 48. Kf1 Bxg3 49. Ne4+ Kd7 50. Rc5 Bf4 51. Rd5+ Ke6 52. Rxd4 Be5 53. Nc5+ Kf5 54. Rd5 f6 55. Nd3 g5 56. Nf2 g4 57. Rd3 h5 58. Kg1 g3 59. Rf3+ Ke6 60. Ne4 Bd4+ 61. Kf1 g2+ 62. Ke2 g1Q+ 0-1